000 01105nas a2200349 4500
001 BR0706748
003 BR-BrBNA
005 20231205111040.0
007 ta
008 230509b bl.|||p| |||| 00| 00por d
040 _aBR-BrBNA
_bpor
_cBiblioteca Nacional de Agricultura
041 _a(Pt)
072 _aL51
100 1 _aVéras, R.M.L.
100 1 _aValadares Filho, S. de C.
100 1 _avaladares, R.F.D.
100 1 _aRennó, L.N.
100 1 _aPaulino, P.V.R.
100 1 _aSouza, M.A. de
245 1 _aBalanço de compostos nitrogenados e estimativa das exigências de proteína de mantença de bovinos Nelore de três condições sexuais
650 _aGADO NELORE
650 _aPROTEÍNA
650 _aEXIGÊNCIA NUTRICIONAL
650 _aCOMPOSTO NITROGENADO
650 _aPROTEÍNA BRUTA
650 _aESTIMATIVA
650 _aFÊMEA
650 _aCASTRAÇÃO
773 0 _tRevista Brasileira de Zootecnia (Brazil)
_xISSN 1516-3598
_g(Jul-Aug 2007), v. 36(4)(suplemento) p. 1212-1217
_wBR0706748
909 _a202311
_bLúcia
_c55
_dLúcia Elande
942 _2AGRIS
_n0
_cANA
999 _c190331
_d190331